| 000 | 00672nam a2200229Ii 4500 | ||
|---|---|---|---|
| 003 | JO-AjNU | ||
| 005 | 20240113143902.0 | ||
| 008 | 230605s9999||||xx |||||||||||||| ||und|| | ||
| 017 | _a1989/1472 | ||
| 040 |
_aJO-AjNU _bara _erda _cJO-AjNU |
||
| 041 | _aara | ||
| 050 | 1 | 4 | _aPJ7876.U7 A17 1990 |
| 100 | 3 |
_aدكسن، زهور, _eauthor _948778 |
|
| 245 | 0 | 0 | _aواحتي هالة القمر |
| 264 | 3 | 1 | _aبغداد: دار الحرية، 1990 |
| 300 | _a191ص | ||
| 336 |
_atext _btxt _2rdacontent |
||
| 337 |
_aunmediated _bn _2rdamedia |
||
| 338 |
_avolume _bnc _2rdacarrier |
||
| 650 | 4 |
_aالشعر العربي - العصر الحديث _948779 |
|
| 942 |
_2lcc _cBK |
||
| 999 |
_c24952 _d24952 |
||